Transformers 2007 - Statistics

General Stats
  • This quiz has been taken 564 times
  • The average score is 7 of 13
Answer Stats
Hint Answer % Correct
Autobot leader Optimus Prime
99%
Decepticon leader Megatron
96%
Autobot scout Bumblebee
93%
Decepticon 2nd in command Starscream
79%
weapons specialist Ironhide
68%
Medical officer Ratchet
67%
Autobot 2nd in command Jazz
62%
Looking for Ladiesman217 Barricade
42%
killed by humans Blackout
24%
''Devastator'' Brawl
21%
Decepticon spy Frenzy
21%
Gave optimus a hug Bonecrusher
17%
comes out of killed by humans Scorponok
6%
No matching quizzes found
Score Distribution
Percent of People with Each Score
Percentile by Number Answered
Your Score History
You have not taken this quiz